| 000 | 01087nam a2200265Ia 4500 | ||
|---|---|---|---|
| 003 | OSt | ||
| 005 | 20221005104646.0 | ||
| 006 | a|||||r|||| 00| 0 | ||
| 007 | ta | ||
| 008 | 221004b |||||||| |||| 00| 0 hin d | ||
| 020 |
_a9789381480168 (hbk) _c250 |
||
| 024 | _a118752 | ||
| 037 |
_b320, 23/11/2011, Eastern Book Linkers _cTextual |
||
| 040 |
_aCRL _cCRL _bhin |
||
| 041 |
_2hin _ahin |
||
| 082 | _aU8.5932, 152Q1 | ||
| 100 | _aशास्त्री, सत्यव्रत | ||
| 245 | 0 |
_aहंगरी कितनी दूर कितनी पास _b सांस्कृतिक यात्रा संस्मरण |
|
| 246 | _aHangarī kitanī dūr kitanī pāsa: sāanskṛutik yātrā sansmaraṇa | ||
| 260 |
_aदिल्ली _bविजया बुक्स भारत _c2011 |
||
| 300 |
_a127पृ0 _ccm. |
||
| 650 | _aभारतीय-भूगोल | ||
| 942 |
_hU8.5932, 152Q1 _cTEXL _2cc |
||
| 999 |
_c1013410 _d1013410 |
||